|
|
|
|
| LEADER |
00000nab a2200000 a 4500 |
| 001 |
vtls000385253 |
| 003 |
SK-MaSNL |
| 005 |
20260305005101.0 |
| 008 |
230302c1990 xo 0 slo |
| 015 |
|
|
|a SNBRB19rr/mm-uuuuu
|
| 035 |
|
|
|a CL0385375
|
| 035 |
|
|
|a urn:nbn:sk:snk-abend5
|
| 035 |
|
|
|a (urnnbn)urn:nbn:sk:snk:ar-0007pm
|
| 035 |
|
|
|a (uuid)26ada0fe-3f59-4c79-a2b6-19c0f09c817c
|
| 040 |
|
|
|a SNKBUCL
|b slo
|c SNKBUCL
|e AACR2
|
| 041 |
0 |
|
|a slo
|
| 044 |
|
|
|a xo
|c SK
|
| 080 |
|
|
|a 725.3:625.4
|2 1981
|
| 080 |
|
|
|a 625.4
|2 1981
|
| 080 |
|
|
|a 82.0
|2 1981
|
| 080 |
|
|
|a 801.6
|2 1981
|
| 080 |
|
|
|a 791.43(437.1/.2)
|2 1981
|
| 100 |
1 |
|
|a Macura, Vladimír,
|d 1945-1999
|4 aut
|9 185552
|
| 245 |
1 |
0 |
|a Metro
|c Vladimír Macura ; Eva Jenčíková
|
| 500 |
|
|
|a Informácia o autorovi. Lit. 24 zázn. v češ.
|
| 650 |
0 |
7 |
|a metro
|2 snkbucl
|9 58330
|
| 650 |
0 |
7 |
|a česká literatúra
|2 snkbucl
|9 1178
|
| 650 |
0 |
7 |
|a film český
|2 snkbucl
|9 854988
|
| 651 |
|
7 |
|a Praha (Česko)
|2 snkbucl
|9 19313
|
| 655 |
|
7 |
|a články z novín a časopisov
|2 snkbucl
|9 267496
|
| 700 |
1 |
|
|a Jenčíková, Eva,
|d 1949-
|4 trl
|9 103084
|
| 773 |
0 |
|
|t Slovenské pohľady
|g Roč. 106, č. 5 (1990), s. 91-98
|
| 850 |
|
|
|a Slovenská národná knižnica v Martine
|a MTA001
|
| 852 |
|
|
|a SNK
|b KIS3GCP
|
| 958 |
|
|
|a NB
|
| 958 |
|
|
|a RK
|
| 958 |
|
|
|a CZ
|
| 958 |
|
|
|a OND
|
| 958 |
|
|
|a EUIPO
|
| 958 |
|
|
|a article27
|
| 992 |
|
|
|a RBX
|
| 999 |
|
|
|c 3238875
|d 3240805
|